| 000 | 01634cam a2200325 i 4500 | ||
|---|---|---|---|
| 999 |
_c342268 _d342268 |
||
| 001 | 17821873 | ||
| 003 | NUST | ||
| 005 | 20171215095059.0 | ||
| 008 | 130722s2014 enka b 001 0 eng | ||
| 010 | _a 2013028905 | ||
| 020 | _a9781119977926 (cloth) | ||
| 040 |
_aDLC _beng _cDLC _erda _dDLC |
||
| 042 | _apcc | ||
| 050 | 0 | 0 |
_aTP244.A3 _bA336 2014 |
| 082 | 0 | 0 |
_a660.294 COL _223 |
| 245 | 0 | 0 |
_aAerosol science : _btechnology and applications / _c[edited by] Ian Colbeck, School of Biological Sciences, University of Essex, UK; Mihalis Lazaridis, Department of Enivronmental Engineering, Technical University of Crete, Greece. |
| 264 | 1 |
_aChichester, West Sussex, United Kingdom : _bWiley, _c2014. |
|
| 300 |
_axiv, 474 pages ; _c25 cm |
||
| 336 |
_atext _2rdacontent |
||
| 337 |
_aunmediated _2rdamedia |
||
| 338 |
_avolume _2rdacarrier |
||
| 500 | _aIncludes index. | ||
| 501 | _aH.B | ||
| 650 | 0 |
_aAerosols _xIndustrial applications. _97314 |
|
| 650 | 0 |
_aAerosols _xEnvironmental aspects. _97315 |
|
| 700 | 1 |
_aColbeck, I. _q(Ian), _eeditor of compilation. _97316 |
|
| 700 | 1 |
_aLazaridis, Mihalis, _eeditor of compilation _97317 |
|
| 776 | 0 | 8 |
_iOnline version: _tAerosol science _dWest Sussex, United Kingdom : John Wiley & Sons Inc., 2014 _z9781118675359 _w(DLC) 2013029655 |
| 906 |
_a7 _bcbc _corignew _d1 _eecip _f20 _gy-gencatlg |
||
| 942 |
_2ddc _cBK _kIESE |
||